Náklady na kvalitu z pohľadu oprávnenosti a výskytu v účtovníctve

Článok ponúka návrh rozdelenia nákladov na kvalitu, pričom rozlišuje medzi oprávnenými nákladmi na kvalitu a stratami z nekvality a zdôrazňuje dôležitosť skrytých nákladov. Klasifikácia nákladov na kvalitu z hľadiska oprávnenosti a výskytu v účtovníctve. Náklady na kvalitu v primárnych činnostiach f...

Descrizione completa

Salvato in:
Dettagli Bibliografici
Autore principale: Kicáková, Katarína
Natura: Capitolo di libro
Lingua:slovacco
Soggetti:
Tags: Aggiungi Tag
Nessun Tag, puoi essere il primo ad aggiungerne!!

MARC

LEADER 00000naa a2200000 4500
001 0117753
005 20240502072321.6
041 0 |a slo 
044 |a SK 
245 1 0 |a Náklady na kvalitu z pohľadu oprávnenosti a výskytu v účtovníctve  |c Katarína Kicáková 
520 |a Článok ponúka návrh rozdelenia nákladov na kvalitu, pričom rozlišuje medzi oprávnenými nákladmi na kvalitu a stratami z nekvality a zdôrazňuje dôležitosť skrytých nákladov. Klasifikácia nákladov na kvalitu z hľadiska oprávnenosti a výskytu v účtovníctve. Náklady na kvalitu v primárnych činnostiach firmy. 
610 2 0 |a kvalita 
610 2 0 |a náklady na kvalitu 
610 2 0 |a náklady skryté 
610 2 0 |a účtovníctvo 
100 1 |a Kicáková, Katarína